000 00754nam a22002057a 4500
008 081020t xxu||||| |||| 00| 0 eng d
010 _aENG-84065
020 _a0195675339
020 _c495.00 (hb)
035 _aEN-67598
082 _a327.2092
100 _aRana, Kishan S
245 _a21st century ambassador plenipotenttiary to chief executive /
_cby Kishan S Rana
260 _aNew Delhi
_bOxford University Press
260 _c2005
300 _axxix,258p
_c22cm
500 _aIncludes bibliographical references and index
942 _2ddc
_cEN
_h327.2092
_mRAN
999 _c17032
_d17032